01190cam a2200301 a 45000010008000000030004000080050017000120080041000290100017000700400018000870430021001050820016001262450094001422600085002363000026003214900030003475000114003775040030004916500038005216510051005596510048006107000017006587100046006759060045007219420012007669990015007789520095007933335460OSt20230704083523.0850109s1983 ko b 100 0 eng  a 85103506  aDLCcDLCdDLC aa-cc---aa-ko---00a338.95bHEE00aPolitical leadership and economic development :bKorea and China /cedited by Yoo Se-Hee. a[Seoul, Korea] :bInstitute for Sino-Soviet Studies, Hanyang University,cc1983. avii, 240 p. ;c24 cm.0 aISSS research series ;v1 aPapers from a conference held at the Institute for Sino-Soviet Studies, Hanyang University, Dec. 14-15, 1982. aBibliography: p. 217-221. 0aEconomic developmentvCongresses. 0aChinaxEconomic policyy1976-2000vCongresses. 0aKorea (South)xEconomic policyvCongresses.1 aYoo, Se-Hee.2 aHanyang Taehakkyo.bChung-So Yŏnʾguso. a7bcbccorignewd3encipf19gy-gencatlg 2ddccBK c3561d3561 00102ddc4070a002b002d2023-07-04l0o338.95 HEEp10000772r2023-07-04w2023-07-04yBK